| 000 | 01072cam a2200241 4500 | ||
|---|---|---|---|
| 001 | B1907 | ||
| 008 | 090401t1988 xxu||||| |||| 00| 0 eng d | ||
| 035 | _a(Sirsi) u46994 | ||
| 041 | _aeng | ||
| 050 |
_a338.4369 _c18 |
||
| 110 |
_aIndustrial Market Research Ltd _92416 |
||
| 245 | 4 |
_aThe single European market _bthe impact on the United Kingdom construction industry |
|
| 260 |
_aLondon _bTouche Ross _c1988 |
||
| 300 |
_a15 _fleaves _c30cm. |
||
| 350 | _a0 | ||
| 505 | _aSummary and evaluation | ||
| 505 | _aThe current market for construction goods and services: the European Community construction market; intra EEC imports and exports of building materials | ||
| 505 | _aSurvey findings: awareness; planning for 1992; reactions to 1992; the impact of a single European Community market; opinions on commercial issues; attitudes of suppliers of building materials; the attitude of the contracting industry; the attitudes of specifiers | ||
| 650 | _aEUROPEAN COMMUNITY | ||
| 690 | _aBUILT ENVIRONMENT-CONSTRUCTION MARKET | ||
| 942 | _n0 | ||
| 948 | _c04/03/1997 | ||
| 999 |
_c92062 _d92062 |
||